| 000 | 00525nam a22001817a 4500 | ||
|---|---|---|---|
| 999 |
_c174470 _d174470 |
||
| 005 | 20200618113646.0 | ||
| 010 | _aENG-128207 | ||
| 020 | _c500.00 | ||
| 035 | _aEN-111739 | ||
| 037 | _bDBAD/PUB | ||
| 082 | _a500.00 | ||
| 100 | _aMahadevan ,T.M.P | ||
| 245 |
_aThe philosophy of advaita/ _cby T.M.P Mahadevan |
||
| 260 |
_aDelhi _bBharatiya Kala Prakashan _c2018 |
||
| 270 |
_a3421-A,II nd floor,Narang colony, tri nagar _bDelhi _e110035 |
||
| 300 |
_a256p. _c23cm(hb) |
||
| 942 |
_2ddc _cEN _h181.46 _mMAH |
||